Concrete credentials (Record no. 120839)
[ view plain ]
| 000 -LEADER | |
|---|---|
| fixed length control field | 01329cad a22002535a 4500 |
| 001 - CONTROL NUMBER | |
| control field | L149577 |
| 008 - FIXED-LENGTH DATA ELEMENTS--GENERAL INFORMATION | |
| fixed length control field | 100323s2010 xxk g 000 0 eng d |
| 020 ## - INTERNATIONAL STANDARD BOOK NUMBER | |
| International Standard Book Number | 9781904818722 |
| 035 ## - SYSTEM CONTROL NUMBER | |
| System control number | (Sirsi) u149577 |
| 041 0# - LANGUAGE CODE | |
| Language code of text/sound track or separate title | eng |
| 050 ## - LIBRARY OF CONGRESS CALL NUMBER | |
| Classification number | 693.5 $2 18 |
| 110 2# - MAIN ENTRY--CORPORATE NAME | |
| Corporate name or jurisdiction name as entry element | Concrete Centre |
| 9 (RLIN) | 5831 |
| 110 2# - MAIN ENTRY--CORPORATE NAME | |
| Corporate name or jurisdiction name as entry element | MPA |
| Subordinate unit | The Concrete Centre |
| 9 (RLIN) | 5832 |
| 245 00 - TITLE STATEMENT | |
| Title | Concrete credentials |
| Remainder of title | sustainability |
| -- | a quick reference guide to the sustainable and performance benefits of concrete |
| Medium | [electronic resource] |
| 260 ## - PUBLICATION, DISTRIBUTION, ETC. | |
| Place of publication, distribution, etc. | Camberley |
| Name of publisher, distributor, etc. | Mineral Products Association |
| Date of publication, distribution, etc. | 2010 |
| 520 ## - SUMMARY, ETC. | |
| Summary, etc. | Detailed schedule of the sustainability of the nine sectors of the concrete industry, cement, aggregates, admixtures, ground granulated blast furnace slag (ggbs), fly ash, mortar, ready-mixed concrete, precast concrete and steel reinforcement; the UK concrete industry has implemented a sustainable construction strategy. |
| 590 ## - LOCAL NOTE (RLIN) | |
| Local note | KA |
| 590 ## - LOCAL NOTE (RLIN) | |
| Local note | NTK |
| 651 #4 - SUBJECT ADDED ENTRY--GEOGRAPHIC NAME | |
| Geographic name | United Kingdom |
| Chronological subdivision | |
| 690 ## - LOCAL SUBJECT ADDED ENTRY--TOPICAL TERM (OCLC, RLIN) | |
| Topical term or geographic name as entry element | BUILT ENVIRONMENT- SUSTAINABLE CONSTRUCTION |
| 690 ## - LOCAL SUBJECT ADDED ENTRY--TOPICAL TERM (OCLC, RLIN) | |
| Topical term or geographic name as entry element | BUILT ENVIRONMENT-BUILDING MATERIALS-CEMENTITIOUS, CONCRETE AND MINERAL BOUND MATERIALS-CONCRETE |
| 856 40 - ELECTRONIC LOCATION AND ACCESS | |
| Uniform Resource Identifier | <a href="https://www.concretecentre.com/online_services/publication_library/publication_details.aspx?PublicationId=707">https://www.concretecentre.com/online_services/publication_library/publication_details.aspx?PublicationId=707</a> |
| Public note | View this item free of charge at www.concretecentre.com |
| 942 ## - ADDED ENTRY ELEMENTS (KOHA) | |
| Suppress in OPAC | 0 |
| Withdrawn status | Lost status | Source of classification or shelving scheme | Damaged status | Not for loan | Home library | Current library | Shelving location | Date acquired | Total Checkouts | Full call number | Barcode | Date last seen | Copy number | Price effective from | Koha item type |
|---|---|---|---|---|---|---|---|---|---|---|---|---|---|---|---|
| Dewey Decimal Classification | Virtual | Virtual | Online | 23/03/2010 | ONLINE PUBLICATION | 149577-1001 | 06/08/2019 | 1 | 06/08/2019 | Book |